00618nam a2200169 4500001000700000003000900007005001700016007000300033008004100036100003600077245010600113260004100219300002700260852002100287999001900308952012100327131097ES-MaACL20230906193920.0t|070214s1926 xxk r ||||1| eng d1 aRobertson, Dennis Holme.99785310aBanking policy and the price level b: an essay in the theory of the trade cycle / cD. H. Robertson. aLondon : bP. S. King & Son, c1926. a103 p. ; c19 x 12 cm. aES-MaACLjF-3302 c131097d131097 00104070aATENEOMbATENEOMcDEPO2d2008-01-17eSCl0oF-3302p1136487r2023-02-23 00:00:00w2023-02-23yMONOGRAFIA